| 000 | 00674nam a2200241Ia 4500 | ||
|---|---|---|---|
| 005 | 20260430150354.0 | ||
| 008 | 008 250103s9999 xx 000 0 eng d | ||
| 037 | _aTheses | ||
| 040 | _aCRL | ||
| 040 | _beng | ||
| 040 | _ceng | ||
| 041 | _2eng | ||
| 041 | _aeng | ||
| 084 | _qCRL | ||
| 100 |
_aMagan Radhika Au.; Grover Gurprit Gu. _91237296 |
||
| 245 | 0 | _aQuantifying the Estimation of quality of Life by Means of Statistical Models | |
| 260 | _c2023 | ||
| 300 | _a131p. | ||
| 650 | _aMathematics; Statistics | ||
| 700 |
_aUniversity of Delhi. Faculty of Mathematical Sciences. Deptt. of Statistics _91237297 |
||
| 942 | _cTH | ||
| 999 |
_c1849628 _d1849628 |
||